Understanding company law
These amandments includes : reducing the regulatory burden on provides of financial services; simplifying company reporting obligations; improving auditor independence rules; removing unnecessary member approval requirements in relation to small transactions; facitlitating funddraisings
Đã lưu trong:
| 格式: | 圖書 |
|---|---|
| 語言: | Undetermined |
| 出版: |
Pyrmont, N.S.W.
Thomson Legal and Regulatory Australia
2008
|
| 主題: | |
| 標簽: |
添加標簽
沒有標簽, 成為第一個標記此記錄!
|
| Thư viện lưu trữ: | Trung tâm Học liệu Trường Đại học Cần Thơ |
|---|
| LEADER | 00870nam a2200205Ia 4500 | ||
|---|---|---|---|
| 001 | CTU_152993 | ||
| 008 | 210402s9999 xx 000 0 und d | ||
| 020 | |c 91.6 | ||
| 082 | |a 346.94066 | ||
| 082 | |b U55/14th | ||
| 245 | 0 | |a Understanding company law | |
| 245 | 0 | |c Phillip Lipton, Abe Herzberg | |
| 260 | |a Pyrmont, N.S.W. | ||
| 260 | |b Thomson Legal and Regulatory Australia | ||
| 260 | |c 2008 | ||
| 520 | |a These amandments includes : reducing the regulatory burden on provides of financial services; simplifying company reporting obligations; improving auditor independence rules; removing unnecessary member approval requirements in relation to small transactions; facitlitating funddraisings | ||
| 650 | |a Corporation law,Luật doanh nghiệp | ||
| 650 | |z Australia,Úc | ||
| 904 | |i Nguyên | ||
| 980 | |a Trung tâm Học liệu Trường Đại học Cần Thơ | ||